Normal view
MARC view
- Dr. Tughral Yamin
Entry Personal Name
001 - CONTROL NUMBER
- control field: 8454
003 - CONTROL NUMBER IDENTIFIER
- control field: NUST
005 - DATE AND TIME OF LATEST TRANSACTION
- control field: 20180116162423.0
008 - FIXED-LENGTH DATA ELEMENTS
- fixed length control field: 180116|| aca||aabn | a|a d
040 ## - CATALOGING SOURCE
- Original cataloging agency: NUST
- Transcribing agency: NUST
100 ## - HEADING--PERSONAL NAME
- Personal name: Dr. Tughral Yamin
670 ## - SOURCE DATA FOUND
- Source citation: Work cat.: (NUST)106: Dr. Tughral Yamin, Cyberspace CBMs between Pakistan and India, 2014
